| 000 | 00796nam a2200217Ia 4500 | ||
|---|---|---|---|
| 001 | 1191 | ||
| 003 | GE_BSU | ||
| 008 | 181216s||||||||xx |||||||||||||| ||und|| | ||
| 040 | _cGE_BSU | ||
| 080 | _a631.4(075.8) | ||
| 100 | _aტალახაძე გ. | ||
| 245 | _aზოგადი ნიადაგმცოდნეობის საფუძვლები. | ||
| 245 | _bსახელმძღვანელო სასოფლო სამეურნეო ინსტიტუტის სტუდენტებისათვის. | ||
| 260 | _aთბილისი. | ||
| 260 | _bგანათლება. | ||
| 260 | _c1971. | ||
| 300 | _a306გვ.21სმ. | ||
| 541 | _h12 ლ. | ||
| 653 | _aნიადაგმცოდნეობა. | ||
| 942 | _cBK | ||
| 999 |
_c35339 _d35339 |
||